Inovačný potenciál podniku cestovného ruchu bakalárska práca

Guardado en:
Detalles Bibliográficos
Autor principal: Holubčíková, Barbora
Autor Corporativo: Obchodná fakulta EU. Katedra služieb a cestovného ruchu - zrušené
Otros Autores: Kubičková, Viera, 1970-
Formato: Libro
Lenguaje:eslovaco
Publicado: Bratislava 2011
Etiquetas: Agregar Etiqueta
Sin Etiquetas, Sea el primero en etiquetar este registro!

MARC

LEADER 00000nbm a2200000 4500
001 0132003
005 20161109111425.4
041 0 |a slo 
044 |a SK 
245 1 0 |a Inovačný potenciál podniku cestovného ruchu  |b bakalárska práca  |c Barbora Holubčíková ; školiteľ: Viera Kubičková 
264 1 |a Bratislava  |c 2011 
300 |a 49 s. 
100 1 |a Holubčíková, Barbora 
700 1 |a Kubičková, Viera, 1970- 
710 2 |a Obchodná fakulta EU. Katedra služieb a cestovného ruchu - zrušené